000 00424nam a2200181Ia 4500
001 12713
005 20260306163001.0
008 260306t1973||||xx |||||||||||||| ||spa||
041 _aESP
082 _aHR 720
_bN° 28 ADL
100 _aBoulard, Albert,
_eAUT
245 0 _aArchitecture de lumiere
260 _c1973
300 _a64 páginas :
_c31 cm.
650 _aGEN
654 _aCAU
942 _cREV
_dJUS
_fJUS
_2ddc
_n
999 _c12713
_d12713